000 01248nas a2200337 4500
001 BR8500200
003 BR-BrBNA
005 20231205090051.0
007 ta
008 230509b bl.|||p| |||| 00| 00por d
040 _aBR-BrBNA
_bpor
_cBiblioteca Nacional de Agricultura
041 _a(Pt)
072 _aH20; F25
100 1 _aDuarte, V.
100 1 _aPorto, M.D.M.
245 1 _aInfluencia do virus do mosaico comum da soja, transmitido por sementes e mecanicamente, na absorcao mineral e no crescimento de plantas de soja [Glycine max, fosforo, potassio, calcio, magnesio, sodio]
_bParte de tese
246 1 _aEffects of seed and mechanical transmission of soybean mosaic virus on the mineral absorption and soybean plant growth [Glycine max, phosphorus, potassium, calcium, magnesium, sodium]
_bPart of thesis
650 _aSOJA
650 _aMOSAICO
650 _aSEMENTE
650 _aTRANSMISSAO DE DOENCA
650 _aFOSFORO
650 _aPOTASSIO
650 _aCALCIO
650 _aMAGNESIO
650 _aSODIO
650 _aABSORCAO
773 0 _tFitopatologia Brasileira (Brazil)
_xISSN 0100-4158
_g(Jun 1984), v. 9(2) p. 169-177
_wBR8500200
909 _a202311
_bLúcia
_c55
_dLúcia Elande
942 _2AGRIS
_n0
_cANA
999 _c115930
_d115930